<?xml version="1.0" encoding="UTF-8"?>
<collection xmlns="http://www.loc.gov/MARC21/slim">
  <record>
    <leader>00000nam  2200000   4500</leader>
    <controlfield tag="001">INLIS000000000016014</controlfield>
    <controlfield tag="005">20231016104809</controlfield>
    <datafield tag="035" ind1="#" ind2="#">
      <subfield code="a">0010-1023000096</subfield>
    </datafield>
    <controlfield tag="007">ta</controlfield>
    <controlfield tag="008">231016################g##########0#ind##</controlfield>
    <datafield tag="020" ind1="#" ind2="#">
      <subfield code="a">978-602-433-984-5</subfield>
    </datafield>
    <datafield tag="082" ind1="#" ind2="#">
      <subfield code="a">363.3</subfield>
    </datafield>
    <datafield tag="084" ind1="#" ind2="#">
      <subfield code="a">363.3 POL m</subfield>
    </datafield>
    <datafield tag="100" ind1=" " ind2="#">
      <subfield code="a">Poltak Partogi Nainggolan</subfield>
    </datafield>
    <datafield tag="245" ind1="1" ind2="#">
      <subfield code="a">Masalah Keamanan Abad Ke-21 /</subfield>
      <subfield code="c">Poltak Partogi Nainggolan</subfield>
    </datafield>
    <datafield tag="250" ind1="#" ind2="#">
      <subfield code="a">1</subfield>
    </datafield>
    <datafield tag="260" ind1="#" ind2="#">
      <subfield code="a">Jakarta :</subfield>
      <subfield code="b">Yayasan Pustaka Obor Indonesia,</subfield>
      <subfield code="c">2020</subfield>
    </datafield>
    <datafield tag="300" ind1="#" ind2="#">
      <subfield code="a">xvi, 529 hal. ;</subfield>
      <subfield code="c">23 cm</subfield>
    </datafield>
    <datafield tag="650" ind1="#" ind2="4">
      <subfield code="a">Keamanan</subfield>
    </datafield>
    <datafield tag="520" ind1="#" ind2="#">
      <subfield code="a">Sejalan dengan perkembangan situasi ini, disadari atau tidak, dunia telah memasuki fase perang generasi keempat. Tidak seperti perang sebelumnya, tanpa perlu deklarasi, perang generasi terbaru ini sudah dimulai. Duel kekuatan militer dengan menggunakan drone telah berlangsung di Suriah, Yaman, Lebanon, Afghanistan dan wilayah lainnya. Tidak selalu dimulai lontaran peluru artileri, apalagi roket dan rudal, kontak senjata telah dilakukan secara intensif antara pihak yang berseteru. Tanpa pasukan berkuda ataupun pendaratan kapal pembawa pasukan yang besar, perang telah digelar disebuah wilayah. Deklarasi telah diganti dengan pengiriman drone, (pesawat nirawak) yang menyerupai mainan anak-anak.&#13;
&#13;
Buku Masalah Keamanan Abad ke 21 ini membahas berbagai perspektif masalah keamanan, yang diwarisi dari beberapa abad lalu dan yang baru muncul dan akan dihadapi negara, pemerintah dan masyarakat dewasa ini, untuk rentang waktu seratus tahun berjalan. Dengan presentasi masalah dan kasus yang beragam dan dengan diskusi yang komprehensif, pembaca diajak untuk berpikir dan menilai masalah keamanan secara mendalam, yang akan dominan dihadapi di adab ini, dan bagaimana para pembuat kebijakan di berbagai negara dan institusi internasional harus menyiapkan solusi yang tepat untuk meresponnya. Perspektif berfikir dan analisis yang kaya dengan kasus-kasus yang terjadi membuat kehadiran buku ini menjadi sangat diperlukan, untuk studi lebih lanjut maupun membantu pembaca lebih cepat dalam memahami serta mengambil keputusan dan mencari penyelesaian atas berbagai masalah keamanan yang tengah dihadapi dewasa ini.</subfield>
    </datafield>
    <datafield tag="856" ind1="#" ind2="#">
      <subfield code="a">Perpustakaan LAN Pusat</subfield>
    </datafield>
    <datafield tag="990" ind1="#" ind2="#">
      <subfield code="a">220919785</subfield>
    </datafield>
  </record>
</collection>
